[Event "CZE-chT2A 1011"]
[Site "Czech Republic"]
[Date "2011.02.06"]
[Round "7"]
[White "Tyle, Vladimir"]
[Black "Chlad, Lukas"]
[Result "1/2-1/2"]
[WhiteElo "1990"]
[BlackElo "1908"]
[PlyCount "84"]
[EventDate "2010.10.17"]
[EventType "team-tourn"]
[EventRounds "11"]
[EventCountry "CZE"]
[SourceTitle "EXT 2012"]
[Source "ChessBase"]
[SourceDate "2011.11.24"]
[SourceVersion "1"]
[SourceVersionDate "2011.11.24"]
[SourceQuality "1"]
[WhiteTeam "Praha Oaza"]
[BlackTeam "HerNyr"]
[WhiteTeamCountry "CZE"]
[BlackTeamCountry "CZE"]

1. c4 c5 2. Nf3 Nc6 3. Nc3 g6 4. e3 Bg7 5. d4 d6 6. Be2 Bg4 7. d5 Bxf3 8. Bxf3 Bxc3+ 9. bxc3 Ne5 10. Be2 f5 11. f4 Nf7 12. g4 fxg4 13. Bxg4 Nf6 14. Qa4+ Kf8 15. Bf3 Qc8 16. Qc2 Qh3 17. Qg2 Qxg2 18. Bxg2 g5 19. Rb1 b6 20. Bd2 h5 21. Ke2 gxf4 22. exf4 Re8 23. Kd3 Ng4 24. Rbf1 e5 25. h3 Nf6 26. Kc2 Ke7 27. fxe5 Nxe5 28. Bg5 Ref8 29. Rf5 Rf7 30. Rhf1 Ned7 31. Re1+ Ne5 32. Ref1 Ned7 33. R1f4 Rhf8 34. Bf3 Ke8 35. h4 a6 36. a4 Ng4 37. Bxg4 hxg4 38. Rxf7 Rxf7 39. Rxg4 Rf2+ 40. Kb3 Ne5 41. Re4 Kd7 42. h5 Rf5 1/2-1/2

[Event "CZE-chT2D 0910"]
[Site "Czech Republic"]
[Date "2010.02.28"]
[Round "8.6"]
[White "Jelinek, Milan"]
[Black "Tyle, Vladimir"]
[Result "1/2-1/2"]
[WhiteElo "2087"]
[BlackElo "2016"]
[PlyCount "115"]
[EventDate "2009.10.18"]
[EventType "team-tourn"]
[EventRounds "11"]
[EventCountry "CZE"]
[SourceTitle "EXT 2012"]
[Source "ChessBase"]
[SourceDate "2011.11.24"]
[SourceVersion "1"]
[SourceVersionDate "2011.11.24"]
[SourceQuality "1"]
[WhiteTeam "Zajecice"]
[BlackTeam "Pelhrimov"]
[WhiteTeamCountry "CZE"]
[BlackTeamCountry "CZE"]

1. e4 c5 2. c3 Nf6 3. e5 Nd5 4. d4 cxd4 5. cxd4 d6 6. Nf3 Bg4 7. Be2 e6 8. 0-0 Nc6 9. Nc3 Nxc3 10. bxc3 Qc7 11. exd6 Bxd6 12. h3 Bh5 13. Be3 0-0 14. Nd2 Bg6 15. Nb3 Rac8 16. Qd2 Rfd8 17. Bd3 Ne7 18. Bxg6 hxg6 19. Rac1 b5 20. Qb2 Nd5 21. Bd2 Nb6 22. Bg5 Rd7 23. Qe2 a6 24. Be3 Ba3 25. Rc2 Rd5 26. Nc5 Bxc5 27. dxc5 Nc4 28. a4 Nxe3 29. Qxe3 Qxc5 30. Qxc5 Rdxc5 31. axb5 axb5 32. Rb1 g5 33. Rcb2 f6 34. Rxb5 Rxb5 35. Rxb5 Rxc3 36. Rb7 e5 37. Ra7 Kh7 38. Kf1 e4 39. Ke2 Rc2+ 40. Ke3 f5 41. g3 Rc3+ 42. Ke2 Rc6 43. Ra5 Kg6 44. Rb5 Kf6 45. Ra5 Rc1 46. Ra6+ Kf7 47. Ra7+ Kg6 48. Ra6+ Kh7 49. Ra5 g6 50. Ra7+ Kh6 51. g4 Rc2+ 52. Ke1 Rc3 53. Ra5 f4 54. Ra4 Kg7 55. Rxe4 Rxh3 56. Re6 Rh4 57. f3 Rh2 58. Ra6 1/2-1/2

[Event "Pardubice tt"]
[Site "Pardubice"]
[Date "2009.07.16"]
[Round "1"]
[White "Tyle, Vladimir"]
[Black "Maximov, Dmitry"]
[Result "0-1"]
[WhiteElo "2029"]
[BlackElo "2485"]
[PlyCount "54"]
[EventDate "2009.07.16"]
[EventType "team-swiss"]
[EventRounds "7"]
[EventCountry "CZE"]
[SourceTitle "EXT 2010"]
[Source "ChessBase"]
[SourceDate "2010.11.25"]
[SourceVersion "1"]
[SourceVersionDate "2010.11.25"]
[SourceQuality "1"]

1. b4 e5 2. Bb2 d6 3. e3 Nf6 4. c4 Be7 5. Nf3 0-0 6. Be2 c6 7. 0-0 Re8 8. Nc3 Nbd7 9. d4 e4 10. Nd2 d5 11. Qb3 Nf8 12. Rac1 a6 13. a4 Bd6 14. cxd5 cxd5 15. b5 Ng6 16. Ba3 Bb8 17. b6 h5 18. Rc2 Bg4 19. Bxg4 Nxg4 20. h3 Nf6 21. Rfc1 Qd7 22. a5 Nh4 23. Na4 Qf5 24. Nf1 Qg5 25. g3 Nf3+ 26. Kh1 Qf5 27. Kg2 Ng5 0-1

[Event "Klatovy op-A"]
[Site "Klatovy"]
[Date "2002.??.??"]
[Round "?"]
[White "Kempter, Klaus"]
[Black "Tyle, Vladimir"]
[Result "1/2-1/2"]
[WhiteElo "1990"]
[BlackElo "1935"]
[PlyCount "69"]
[EventDate "2002.??.??"]
[EventType "swiss"]
[EventRounds "9"]
[EventCountry "CZE"]
[SourceTitle "EXT 2005"]
[Source "ChessBase"]
[SourceDate "2004.11.15"]
[SourceVersion "1"]
[SourceVersionDate "2004.11.15"]
[SourceQuality "1"]

1. d4 Nf6 2. Nf3 c5 3. d5 b5 4. c4 Bb7 5. Nc3 b4 6. Na4 d6 7. Qc2 g6 8. b3 Bg7 9. Bb2 0-0 10. e4 e6 11. Bd3 exd5 12. cxd5 Nbd7 13. 0-0 Nb6 14. Nxb6 axb6 15. a4 bxa3 16. Rxa3 Qd7 17. Rxa8 Rxa8 18. Ra1 Rxa1+ 19. Bxa1 b5 20. h3 Nh5 21. Bxg7 Nxg7 22. Qe2 b4 23. Nd2 Qe7 24. Qf3 Bc8 25. Qf4 Nh5 26. Qe3 Bd7 27. g4 Ng7 28. g5 f6 29. f4 fxg5 30. fxg5 Nf5 31. Qf4 Nd4 32. Kg2 Qf8 33. Qg3 Qe7 34. h4 Kg7 35. Qf4 1/2-1/2

[Event "CZE-ch opA U18"]
[Site "Frymburk"]
[Date "2002.??.??"]
[Round "2"]
[White "Klupka, Ondrej"]
[Black "Tyle, Vladimir"]
[Result "0-1"]
[WhiteElo "1594"]
[BlackElo "1951"]
[PlyCount "68"]
[EventDate "2002.03.??"]
[EventType "swiss"]
[EventRounds "8"]
[EventCountry "CZE"]
[SourceTitle "EXT 2004"]
[Source "ChessBase"]
[SourceDate "2003.11.25"]
[SourceVersion "1"]
[SourceVersionDate "2003.11.25"]
[SourceQuality "1"]

1. e4 c5 2. Nf3 e6 3. d4 cxd4 4. Nxd4 a6 5. Nc3 Qc7 6. Be2 Nf6 7. Bf3 Bb4 8. Qd3 Nc6 9. Nxc6 dxc6 10. 0-0 0-0 11. Rd1 e5 12. a3 Be7 13. Be3 Be6 14. Qe2 b5 15. b3 a5 16. a4 b4 17. Nb1 c5 18. Nd2 c4 19. Rac1 Rfc8 20. g3 Ra6 21. Nxc4 Bxc4 22. Qxc4 Qxc4 23. bxc4 Rac6 24. Be2 Nxe4 25. Rd7 Kf8 26. Bd3 Nc3 27. Ra1 e4 28. Bf1 Bf6 29. Bd4 Bxd4 30. Rxd4 Ke7 31. Re1 Rd6 32. Rxd6 Kxd6 33. f3 Re8 34. Re3 Re7 0-1

[Event "CZE-ch opA U18"]
[Site "Frymburk"]
[Date "2002.??.??"]
[Round "3"]
[White "Tyle, Vladimir"]
[Black "Fryc, Miroslav"]
[Result "0-1"]
[WhiteElo "1951"]
[BlackElo "2084"]
[PlyCount "78"]
[EventDate "2002.03.??"]
[EventType "swiss"]
[EventRounds "8"]
[EventCountry "CZE"]
[SourceTitle "EXT 2004"]
[Source "ChessBase"]
[SourceDate "2003.11.25"]
[SourceVersion "1"]
[SourceVersionDate "2003.11.25"]
[SourceQuality "1"]

1. e4 e5 2. f4 d5 3. exd5 e4 4. d3 Nf6 5. Qe2 Bg4 6. Nf3 Qxd5 7. dxe4 Nxe4 8. h3 Be6 9. c4 Qa5+ 10. Bd2 Nxd2 11. Nbxd2 Nc6 12. Kf2 Bc5+ 13. Kg3 g5 14. Nb3 gxf4+ 15. Kh2 Qb6 16. Nxc5 Qxc5 17. Rd1 Rd8 18. Rxd8+ Kxd8 19. Qe4 Kc8 20. Be2 Qf2 21. Rd1 Rg8 22. Ng1 Ne5 23. Rf1 Qg3+ 24. Kh1 f3 25. Bxf3 Nxf3 26. Qxf3 Bxc4 27. Qxg3 Rxg3 28. Rf4 Bxa2 29. Kh2 Rb3 30. Rxf7 Rxh3+ 31. Kxh3 Bxf7 32. Kh4 a5 33. Kg5 b5 34. Kh6 Bg6 35. Nf3 a4 36. g4 b4 37. Nh4 a3 38. bxa3 bxa3 39. g5 a2 0-1

[Event "Klatovy op-A"]
[Site "Klatovy"]
[Date "2002.??.??"]
[Round "?"]
[White "Tyle, Vladimir"]
[Black "Hamrnik, Jan"]
[Result "1-0"]
[WhiteElo "1935"]
[BlackElo "1895"]
[PlyCount "89"]
[EventDate "2002.??.??"]
[EventType "swiss"]
[EventRounds "9"]
[EventCountry "CZE"]
[SourceTitle "EXT 2005"]
[Source "ChessBase"]
[SourceDate "2004.11.15"]
[SourceVersion "1"]
[SourceVersionDate "2004.11.15"]
[SourceQuality "1"]

1. b4 e5 2. Bb2 Bxb4 3. Bxe5 Nf6 4. e3 0-0 5. Nf3 d5 6. Be2 Bd6 7. 0-0 Re8 8. d4 Ne4 9. c4 c6 10. Qb3 Bxe5 11. Nxe5 Qc7 12. f3 Nf6 13. Nc3 Be6 14. Rab1 Re7 15. Rfc1 Qd8 16. cxd5 cxd5 17. Na4 Nbd7 18. Nxd7 Nxd7 19. Rc3 Nf6 20. Rbc1 Rc8 21. Nc5 Rec7 22. Nxb7 Rxc3 23. Rxc3 Rxc3 24. Nxd8 Rxb3 25. axb3 Bd7 26. Nb7 Kf8 27. Nc5 Bc6 28. Bd3 Ke7 29. Kf2 Kd6 30. e4 Ne8 31. Ke3 f6 32. exd5 Bxd5 33. Bxh7 Nc7 34. Bd3 Bf7 35. Bc4 Bg6 36. Ne4+ Kc6 37. Nc3 Bc2 38. h4 a5 39. g4 Bh7 40. f4 Kd7 41. f5 Ke7 42. Kf4 Ne8 43. g5 g6 44. Nd5+ Kf8 45. Nxf6 1-0

[Event "CZE-ch opA U18"]
[Site "Frymburk"]
[Date "2002.??.??"]
[Round "1"]
[White "Tyle, Vladimir"]
[Black "Hlavnicka, Jan"]
[Result "0-1"]
[WhiteElo "1951"]
[BlackElo "2279"]
[PlyCount "66"]
[EventDate "2002.03.??"]
[EventType "swiss"]
[EventRounds "8"]
[EventCountry "CZE"]
[SourceTitle "EXT 2004"]
[Source "ChessBase"]
[SourceDate "2003.11.25"]
[SourceVersion "1"]
[SourceVersionDate "2003.11.25"]
[SourceQuality "1"]

1. c4 Nf6 2. Nc3 c5 3. Nf3 d5 4. cxd5 Nxd5 5. g3 Nc6 6. Bg2 Nc7 7. 0-0 e5 8. d3 Be7 9. Be3 0-0 10. Rc1 Bd7 11. a3 Rc8 12. Nd2 b6 13. Nc4 f6 14. f4 b5 15. Nd2 exf4 16. gxf4 Nd4 17. Nde4 Bg4 18. h3 Bh5 19. Ng3 Bf7 20. Nce4 Nd5 21. Bd2 f5 22. e3 fxe4 23. dxe4 Nxf4 24. exf4 Bc4 25. Rxc4 bxc4 26. Qc1 Bh4 27. Qxc4+ Kh8 28. Be1 Qb6 29. e5 Qxb2 30. f5 Bxg3 31. Bxg3 Ne2+ 32. Kh2 Nxg3 33. Kxg3 Qxe5+ 0-1

[Event "Klatovy op-A"]
[Site "Klatovy"]
[Date "2002.??.??"]
[Round "?"]
[White "Tyle, Vladimir"]
[Black "Jandecka, Tomas"]
[Result "0-1"]
[WhiteElo "1935"]
[BlackElo "2110"]
[PlyCount "38"]
[EventDate "2002.??.??"]
[EventType "swiss"]
[EventRounds "9"]
[EventCountry "CZE"]
[SourceTitle "EXT 2005"]
[Source "ChessBase"]
[SourceDate "2004.11.15"]
[SourceVersion "1"]
[SourceVersionDate "2004.11.15"]
[SourceQuality "1"]

1. c4 c5 2. Nf3 g6 3. d4 cxd4 4. Nxd4 Bg7 5. Nc3 Nc6 6. e3 d6 7. b3 Nf6 8. Bb2 0-0 9. Be2 Bd7 10. 0-0 Rc8 11. Qd2 Qa5 12. a3 a6 13. b4 Qb6 14. Nd5 Nxd5 15. Nxc6 Bxb2 16. cxd5 Bxc6 17. Ra2 Bc3 18. Qxc3 Bxd5 19. Qd2 Bxa2 0-1

[Event "CZE-ch opA U18"]
[Site "Frymburk"]
[Date "2002.??.??"]
[Round "4"]
[White "Uricar, Zdenek"]
[Black "Tyle, Vladimir"]
[Result "0-1"]
[WhiteElo "1837"]
[BlackElo "1951"]
[PlyCount "34"]
[EventDate "2002.03.??"]
[EventType "swiss"]
[EventRounds "8"]
[EventCountry "CZE"]
[SourceTitle "EXT 2004"]
[Source "ChessBase"]
[SourceDate "2003.11.25"]
[SourceVersion "1"]
[SourceVersionDate "2003.11.25"]
[SourceQuality "1"]

1. e4 c5 2. Nf3 Nc6 3. d4 cxd4 4. Nxd4 Nf6 5. Nc3 e5 6. Ndb5 d6 7. Bg5 a6 8. Na3 b5 9. Nd5 Be7 10. Bxf6 Bxf6 11. c3 Bg5 12. Bd3 Be6 13. Nc2 f5 14. Nc7+ Qxc7 15. Qh5+ Qf7 16. Qxg5 f4 17. a4 h6 0-1

[Event "Klatovy op-A"]
[Site "Klatovy"]
[Date "2001.??.??"]
[Round "?"]
[White "Kalivoda, Libor"]
[Black "Tyle, Vladimir"]
[Result "0-1"]
[WhiteElo "1805"]
[BlackElo "2000"]
[PlyCount "96"]
[EventDate "2001.07.??"]
[EventType "swiss"]
[EventRounds "9"]
[EventCountry "CZE"]
[SourceTitle "EXT 2006"]
[Source "ChessBase"]
[SourceDate "2005.11.24"]
[SourceVersion "1"]
[SourceVersionDate "2005.11.24"]
[SourceQuality "1"]

1. e4 c5 2. Nf3 Nc6 3. d4 cxd4 4. Nxd4 Nf6 5. Nc3 e5 6. Ndb5 d6 7. Bg5 a6 8. Na3 b5 9. Nd5 Be7 10. Bxf6 Bxf6 11. Be2 Bg5 12. Bg4 Be6 13. c3 0-0 14. 0-0 Ne7 15. Nxe7+ Bxe7 16. Bf3 Qd7 17. Nc2 Bd8 18. Ne3 Bb6 19. Nd5 Bc5 20. Qd3 Rad8 21. Rad1 f6 22. h3 Rf7 23. Qe2 g6 24. Bg4 f5 25. exf5 gxf5 26. Bh5 Rff8 27. Rd3 Kh8 28. Rfd1 Qg7 29. Kf1 e4 30. Rg3 Qe5 31. f4 exf3 32. Qxf3 f4 33. Rg4 Rf5 34. Rxf4 Bxd5 35. Rxf5 Bxf3 36. Rxe5 Bxd1 37. Rd5 Bxh5 38. Rxh5 Rf8+ 39. Ke1 Re8+ 40. Kd2 Re5 41. Rh4 Rg5 42. b4 Rxg2+ 43. Kd3 Bg1 44. a3 Ra2 45. Re4 Bh2 46. Re8+ Kg7 47. Ra8 Rxa3 48. Kc2 Be5 0-1

[Event "Klatovy op-A"]
[Site "Klatovy"]
[Date "2001.??.??"]
[Round "?"]
[White "Lechtynsky, Jiri"]
[Black "Tyle, Vladimir"]
[Result "1-0"]
[WhiteElo "2395"]
[BlackElo "2000"]
[PlyCount "67"]
[EventDate "2001.07.??"]
[EventType "swiss"]
[EventRounds "9"]
[EventCountry "CZE"]
[SourceTitle "EXT 2006"]
[Source "ChessBase"]
[SourceDate "2005.11.24"]
[SourceVersion "1"]
[SourceVersionDate "2005.11.24"]
[SourceQuality "1"]

1. Nf3 c5 2. c4 g6 3. d4 cxd4 4. Nxd4 Bg7 5. e4 Nc6 6. Be3 Nf6 7. Nc3 d6 8. Be2 0-0 9. 0-0 Bd7 10. Nc2 Rc8 11. f4 Na5 12. b3 b5 13. Bxa7 Nc6 14. Be3 b4 15. Nd5 Nxe4 16. Bb6 Qe8 17. Ncxb4 Nxb4 18. Nxb4 Nc3 19. Qd3 Rb8 20. c5 dxc5 21. Bxc5 Ne4 22. Qe3 Nxc5 23. Qxc5 Bxa1 24. Rxa1 Bb5 25. Nd5 Rb7 26. Bf3 Bc6 27. Qxc6 Qxc6 28. Nxe7+ Rxe7 29. Bxc6 Re2 30. a4 Rb2 31. a5 Rxb3 32. a6 Rb6 33. Bf3 Rb3 34. a7 1-0

[Event "Klatovy op-A"]
[Site "Klatovy"]
[Date "2000.??.??"]
[Round "?"]
[White "Mejzlik, Vojtech"]
[Black "Tyle, Vladimir"]
[Result "0-1"]
[WhiteElo "1835"]
[BlackElo "1965"]
[PlyCount "108"]
[EventDate "2000.??.??"]
[EventType "swiss"]
[EventRounds "9"]
[EventCountry "CZE"]
[SourceTitle "EXT 2003"]
[Source "ChessBase"]
[SourceDate "2002.11.25"]
[SourceVersion "1"]
[SourceVersionDate "2002.11.25"]
[SourceQuality "1"]

1. c4 Nf6 2. Nc3 e6 3. e4 c5 4. d3 Nc6 5. Bg5 Be7 6. f4 0-0 7. Nf3 d5 8. e5 Ne8 9. Bxe7 Nxe7 10. g3 b6 11. Bg2 Bb7 12. 0-0 d4 13. Nb5 Nf5 14. Qe2 Ne3 15. Rfc1 Nxg2 16. Kxg2 a6 17. Na3 g5 18. Kf2 f6 19. Rg1 Ng7 20. Rae1 Qc7 21. exf6 Rxf6 22. Nxg5 Rxf4+ 23. gxf4 Qxf4+ 24. Nf3 Rf8 25. Rg3 Bxf3 26. Qxf3 Qh6 27. Kg2 Rxf3 28. Kxf3 Kf7 29. Rg2 Nf5 30. Re4 Nh4+ 31. Rxh4 Qxh4 32. Ke2 e5 33. Rf2+ Ke6 34. Nc2 Qh3 35. Kd2 b5 36. b3 bxc4 37. bxc4 e4 38. Re2 e3+ 39. Kd1 Qg4 40. Ne1 h5 41. Ng2 Ke5 42. Ne1 h4 43. Ng2 h3 44. Ne1 Kf4 45. Nc2 Qf3 46. Ne1 Qb7 47. Rc2 Qb1+ 48. Ke2 a5 49. Kf1 a4 50. Re2 a3 51. Rc2 Qd1 52. Re2 Qd2 53. Nf3 Kxf3 54. Rxe3+ dxe3 0-1

[Event "Most op-A"]
[Site "Most"]
[Date "1999.??.??"]
[Round "?"]
[White "Tyle, Vladimir"]
[Black "Buldrova, Monika"]
[Result "1-0"]
[WhiteElo "1965"]
[BlackElo "2125"]
[PlyCount "59"]
[EventDate "1999.??.??"]
[EventType "swiss"]
[EventRounds "9"]
[EventCountry "CZE"]
[SourceTitle "EXT 2003"]
[Source "ChessBase"]
[SourceDate "2002.11.25"]
[SourceVersion "1"]
[SourceVersionDate "2002.11.25"]
[SourceQuality "1"]

1. c4 c6 2. e4 d5 3. exd5 cxd5 4. d4 Nf6 5. Bg5 e6 6. Nf3 Be7 7. Nc3 0-0 8. Bd3 Nc6 9. 0-0 Nb4 10. Be2 dxc4 11. Bxc4 Nbd5 12. Re1 Nxc3 13. bxc3 Qc7 14. Qd3 h6 15. Bd2 b6 16. Ne5 Bd6 17. f4 Bb7 18. Bb3 Nd5 19. Bc2 f5 20. Bb3 Rf6 21. Re2 Rc8 22. Rc1 Ba3 23. Rc2 Bd6 24. c4 Nb4 25. Bxb4 Bxb4 26. d5 Rd8 27. Kh1 Qd6 28. c5 Bxc5 29. dxe6 Bd5 30. e7 1-0

[Event "Most op-A"]
[Site "Most"]
[Date "1999.??.??"]
[Round "?"]
[White "Tyle, Vladimir"]
[Black "Palek, Miroslav"]
[Result "1/2-1/2"]
[WhiteElo "1965"]
[BlackElo "2220"]
[PlyCount "45"]
[EventDate "1999.??.??"]
[EventType "swiss"]
[EventRounds "9"]
[EventCountry "CZE"]
[SourceTitle "EXT 2003"]
[Source "ChessBase"]
[SourceDate "2002.11.25"]
[SourceVersion "1"]
[SourceVersionDate "2002.11.25"]
[SourceQuality "1"]

1. c4 f5 2. Nc3 Nf6 3. Nf3 g6 4. g3 Bg7 5. Bg2 d6 6. d4 0-0 7. 0-0 Nc6 8. d5 Ne5 9. Nxe5 dxe5 10. e4 f4 11. gxf4 Nh5 12. f5 a6 13. Bh3 Nf4 14. Bxf4 exf4 15. fxg6 Rf6 16. gxh7+ Kh8 17. Kh1 Rh6 18. Bg4 f3 19. Qxf3 Qd6 20. h3 Bxg4 21. Qxg4 Rg6 22. Qh5 Rh6 23. Qg4 1/2-1/2

[Event "Klatovy op-A"]
[Site "Klatovy"]
[Date "1997.??.??"]
[Round "?"]
[White "Dolezal, Radoslav1"]
[Black "Tyle, Vladimir"]
[Result "1-0"]
[WhiteElo "2050"]
[BlackElo "1935"]
[PlyCount "47"]
[EventDate "1997.??.??"]
[EventType "swiss"]
[EventRounds "9"]
[EventCountry "CZE"]
[SourceTitle "EXT 1998"]
[Source "ChessBase"]
[SourceDate "1997.11.17"]
[SourceVersion "1"]
[SourceVersionDate "1997.11.17"]
[SourceQuality "1"]

1. e4 c5 2. c3 e6 3. d4 d5 4. exd5 exd5 5. Nf3 Nf6 6. Be2 Nc6 7. 0-0 Be7 8. dxc5 Bxc5 9. Nbd2 0-0 10. Nb3 Be7 11. Bf4 Ne4 12. Nfd4 Be6 13. Re1 Bh4 14. g3 Bg5 15. Bxg5 Qxg5 16. f4 Qh6 17. Nxe6 Qxe6 18. Bf3 f5 19. Nd4 Qf7 20. Qa4 Rac8 21. Rad1 Rfd8 22. Kg2 a6 23. Nxc6 Rxc6 24. Bxe4 1-0

[Event "Klatovy op-A"]
[Site "Klatovy"]
[Date "1997.??.??"]
[Round "?"]
[White "Gschwendtner, Stanislav"]
[Black "Tyle, Vladimir"]
[Result "1-0"]
[WhiteElo "2130"]
[BlackElo "1935"]
[PlyCount "73"]
[EventDate "1997.??.??"]
[EventType "swiss"]
[EventRounds "9"]
[EventCountry "CZE"]
[SourceTitle "EXT 1998"]
[Source "ChessBase"]
[SourceDate "1997.11.17"]
[SourceVersion "1"]
[SourceVersionDate "1997.11.17"]
[SourceQuality "1"]

1. c4 Nf6 2. Nc3 c5 3. g3 g6 4. Bg2 Bg7 5. Nf3 0-0 6. d4 d6 7. 0-0 Nc6 8. dxc5 dxc5 9. Bf4 Nh5 10. Be3 Nd4 11. Na4 Qa5 12. Nxd4 cxd4 13. Bd2 Qc7 14. Rc1 Bd7 15. b4 Bc6 16. Qb3 Bxg2 17. Kxg2 e5 18. c5 Kh8 19. e4 f5 20. f3 fxe4 21. fxe4 Nf6 22. Rfe1 Rf7 23. c6 b6 24. b5 Bf8 25. Rf1 Kg7 26. Rf3 Nxe4 27. Bh6+ Kg8 28. Rcf1 Nd6 29. Rf6 Nf5 30. Rxf7 Qxf7 31. Qxf7+ Kxf7 32. Bxf8 Ke6 33. Bb4 Ne3+ 34. Kf2 Nxf1 35. Kxf1 Kd5 36. Nb2 a6 37. Na4 1-0

[Event "Klatovy op-A"]
[Site "Klatovy"]
[Date "1997.??.??"]
[Round "?"]
[White "Jilemnicka, Jana"]
[Black "Tyle, Vladimir"]
[Result "1/2-1/2"]
[WhiteElo "1855"]
[BlackElo "1935"]
[PlyCount "48"]
[EventDate "1997.??.??"]
[EventType "swiss"]
[EventRounds "9"]
[EventCountry "CZE"]
[SourceTitle "EXT 1998"]
[Source "ChessBase"]
[SourceDate "1997.11.17"]
[SourceVersion "1"]
[SourceVersionDate "1997.11.17"]
[SourceQuality "1"]

1. e4 c5 2. Nf3 e6 3. d4 cxd4 4. c3 dxc3 5. Nxc3 Bb4 6. Bc4 Nf6 7. Qe2 0-0 8. 0-0 Bxc3 9. bxc3 Nxe4 10. Qxe4 d5 11. Qg4 dxc4 12. Qxc4 Qd5 13. Qe2 Bd7 14. Rd1 Bb5 15. Qc2 Qh5 16. c4 Bc6 17. Nd4 Rd8 18. Bb2 Qg5 19. Nxc6 Nxc6 20. h3 e5 21. Rxd8+ Rxd8 22. Rd1 Nd4 23. Bxd4 exd4 24. Qe4 b6 1/2-1/2

[Event "Klatovy op-A"]
[Site "Klatovy"]
[Date "1997.??.??"]
[Round "?"]
[White "Tyle, Vladimir"]
[Black "Simandl, Karel"]
[Result "1/2-1/2"]
[WhiteElo "1935"]
[BlackElo "2190"]
[PlyCount "26"]
[EventDate "1997.??.??"]
[EventType "swiss"]
[EventRounds "9"]
[EventCountry "CZE"]
[SourceTitle "EXT 1998"]
[Source "ChessBase"]
[SourceDate "1997.11.17"]
[SourceVersion "1"]
[SourceVersionDate "1997.11.17"]
[SourceQuality "1"]

1. c4 e5 2. Nf3 Nc6 3. d4 exd4 4. Nxd4 g6 5. e4 Bg7 6. Be3 Nf6 7. Nc3 d6 8. Be2 0-0 9. Qd2 Ng4 10. Nxc6 bxc6 11. Bd4 Bxd4 12. Qxd4 Qf6 13. Qxf6 Nxf6 1/2-1/2